| 000 | 00565nam a2200193Ia 4500 | ||
|---|---|---|---|
| 003 | OSt | ||
| 005 | 20220723125649.0 | ||
| 008 | 190216s9999||||xx |||||||||||||| ||und|| | ||
| 020 | _a9971511401 | ||
| 040 | _coclc | ||
| 082 |
_a515 _bBAR/I |
||
| 100 | 1 |
_aBartle, Robert G., _d1927-2003 _99063 |
|
| 245 | 0 |
_aIntroduction to Real Analysis / _cRobert GBartle ; Donald R Sherbert |
|
| 250 | _a2nd Ed. | ||
| 260 |
_bJohn Wiley & Sons, _c1994. _aNew York: |
||
| 300 | _a404p | ||
| 650 | _aMathematics | ||
| 942 |
_cBK _2ddc _h515 _iBAR/I _k515 _mBAR/I |
||
| 999 |
_c31395 _d31395 |
||